El Salvador: the offensive in perspective /
sin resumen
محفوظ في:
| المؤلف الرئيسي: | |
|---|---|
| مؤلفون آخرون: | |
| التنسيق: | كتاب |
| اللغة: | Spanish |
| الموضوعات: | |
| الوسوم: |
إضافة وسم
لا توجد وسوم, كن أول من يضع وسما على هذه التسجيلة!
|
MARC
| LEADER | 00000nam a22000007a 4500 | ||
|---|---|---|---|
| 003 | cru CIDCACS/IIS | ||
| 005 | 20230529091716.0 | ||
| 008 | 230529b |||||||| |||| 00| 0 spa d | ||
| 040 | |c cru CIDCACS/IIS | ||
| 100 | 1 | |9 11361 |a Miles, Sara |e Autora | |
| 245 | |a El Salvador: |b the offensive in perspective / |c Sara Miles, Bob Ostertog | ||
| 300 | |a páginas 7-9 | ||
| 500 | |a Colección Centroamérica | ||
| 520 | |a sin resumen | ||
| 651 | 4 | |9 1928 |a EL SALVADOR | |
| 700 | 1 | |9 11362 |a Ostertog, Bob |e Autor | |
| 773 | 0 | |0 43153 |9 9042 |a North American Congress on Latin America (NACLA) |d Nueva York: North American Congress on Latin America (NACLA), 1967- |o 22897 |t NACLA: | |
| 942 | |2 ddc |c PP | ||
| 999 | |c 44990 |d 44990 | ||
